000 01455nam a2200361 i 4500
001 10946
003 KOSZ 005
005 20220901083208.0
008 990506s1967 pl a g 001 0 pol
015 _aPB 1968/2588
040 _aWA N
_cWA N
_dKOSZ 005/RW
_dKOSZ 005/HR
046 _k1967
080 _a913(100)
245 0 0 _aGeografia powszechna.
_nT. 5,
_pArktyka, Ameryka, Australia i Oceania, Antarktyda, Ocean Światowy /
_cprzewodniczący kom. red. August Zierhoffer ; red. Alfred Jahn ; red. kartogr. Franciszek Uhorczak, Lech Ratajski.
260 _aWarszawa :
_bPaństwowe Wydawnictwo Naukowe,
_c1967.
300 _a476, [4] s., [14] k. tabl. :
_bil. ;
_c30 cm.
336 _2rdacontent
_aTekst
_btxt
337 _2rdamedia
_aBez urządzenia pośredniczącego
_bn
338 _2rdacarrier
_aWolumin
_bnc
380 _aKsiążki
388 _a1901-2000
388 _a1945-1989
504 _aBibliogr. przy rozdz. Indeks.
650 7 _aGeografia
658 _aGeografia i nauki o Ziemi
700 1 _aZierhoffer, August
_d(1893-1969)
_eRedakcja
700 1 _aUhorczak, Franciszek
_d(1902-1981)
_eRedakcja
700 1 _aRatajski, Lech
_d(1921-1977)
_eRedakcja
700 1 _aJahn, Alfred
_d(1915-1999)
_eRedakcja
710 2 _aPaństwowe Wydawnictwo Naukowe
_4pbl.
856 _uhttp://koha.tu.koszalin.pl/cgi-bin/koha/opac-detail.pl?biblionumber=10946
_yKatalog online BPK
942 _2UKD
_cKS
999 _c10946
_d10946